000 02258nas a22002895i 4500
001 1534-3189
003 DE-He213
005 20200203194040.0
007 cr nn 008mamaa
008 150723s||||||||xxuuu poo|||||| b|EN |d
022 _a1534-3189
024 7 _a10.1007/11936.1534-3189
_2doi
210 1 0 _aCurr Treat Options Cardio Med
245 1 0 _aCurrent Treatment Options in Cardiovascular Medicine
_h[electronic resource] /
_cedited by Jagmeet P. Singh.
264 1 _aNew York :
_bSpringer US :
_bImprint: Springer.
300 _bonline resource.
520 _aThis journal aims to review the most important, recently published treatment-related advances in cardiovascular medicine. By providing clear, insightful, balanced contributions by international experts, the journal intends to elucidate novel approaches to treatment in those affected by the spectrum of cardiovascular-related diseases and conditions.    We accomplish this aim by appointing international authorities to serve as Section Editors in key subject areas, such as coronary artery disease, cerebrovascular disease and stroke, heart failure, pediatric and congenital heart disease, and valvular, myocardial, pericardial, and cardiopulmonary diseases. Section Editors, in turn, select topics for which leading experts contribute comprehensive review articles that emphasize new developments and recently published papers of major importance, highlighted by annotated reference lists. We also provide commentaries from well-known figures in the field, and an international Editorial Board reviews the annual table of contents, suggests articles of special interest to their country/region, and ensures that topics are current and include emerging research.
650 0 _aCardiology.
650 1 4 _aCardiology.
_0http://scigraph.springernature.com/things/product-market-codes/H33037
700 1 _aSingh, Jagmeet P.
_eeditor.
_4edt
_4http://id.loc.gov/vocabulary/relators/edt
710 2 _aSpringerLink (Online service)
776 0 8 _iPrinted version:
_x1092-8464
856 4 0 _uhttps://doi.org/10.1007/11936.1534-3189
_zHybrid
999 _c456491
_d456491
942 _cEMG